000 00530nam a2200205Ia 4500
001 246
005 20251205092323.0
008 251203t2003||||xx |||||||||||||| ||spa||
041 _aESP
082 _a869.5
_bT81
100 _aTristán, Flora,
_cAUT
245 0 _aPeregrinaciones de una Paria 1833-1834
250 _aPrimera edición
260 _a Arequipa :
_bEdiciones el Lector
_c2003
300 _a426 páginas :
_b
_c 21 cm.
650 _aLYR
653 _aLiteratura peruana
654 _aCTP
942 _cLIB
_dJUS
_fMAT
_2ddc
999 _c246
_d246